|
|
|
|
| LEADER |
00000nam0a2200000 4500 |
| 001 |
106272 |
| 005 |
20231101214649.0 |
| 010 |
|
|
|a 5953203209
|
| 010 |
|
|
|a 5-98109-033-2
|
| 035 |
|
|
|a (RuTPU)RU\TPU\book\114677
|
| 090 |
|
|
|a 106272
|
| 100 |
|
|
|a 20061204d2006 m y0rusy50 ca
|
| 101 |
0 |
|
|a rus
|
| 102 |
|
|
|a RU
|
| 105 |
|
|
|a a j 001zy
|
| 200 |
1 |
|
|a Надежность оборудования химических и нефтеперерабатывающих производств
|e учебное пособие
|f В. С. Шубин, Ю. А. Рюмин
|
| 210 |
|
|
|a Москва
|c КолосС
|c Химия
|d 2006
|
| 215 |
|
|
|a 360 с.
|c ил.
|
| 225 |
1 |
|
|a Для высшей школы
|
| 225 |
1 |
|
|a Учебники и учебные пособия для студентов высших учебных заведений
|
| 320 |
|
|
|a Библиография в конце частей.
|
| 330 |
|
|
|a Рассмотрены вопросы надежности оборудования химических, нефтеперерабатывающих и родственных производств. В первой части содержатся сведения об основах надежности: базовые понятия, математический аппарат, классификация количественных характеристик (показателей) надежности и подходы к их выбору, методы структурного анализа работоспособности систем, испытаний объектов и прогнозирования надежности на стадии проектирования. Во второй части изложен материал по эксплуатационной надежности и безопасности промышленных объектов, описаны методы оценки остаточного ресурса оборудования. В третьей части даны подходы к разработке и сделан обзор программного обеспечения надежности технических систем. Пособие содержит большой справочный материал (в виде приложений), необходимый для практического применения теории надежности в инженерных задачах. Приводятся примеры решения различных задач надежности и безопасности. Для студентов, изучающих дисциплины «Надежность и техническая диагностика», «Сертификация и надежность»; может быть полезна слушателям факультетов повышения квалификации инженеров-механиков химической, нефтеперерабатывающей и родственных отраслей промышленности.
|
| 606 |
1 |
|
|a Химические заводы
|x Оборудование
|x Надежность
|2 stltpush
|3 (RuTPU)RU\TPU\subj\31120
|9 54068
|
| 606 |
1 |
|
|a Нефтеперерабатывающие заводы
|x Оборудование
|x Монтаж
|x Защита от коррозии
|x Конструкция и расчет
|2 stltpush
|3 (RuTPU)RU\TPU\subj\33920
|9 56030
|
| 610 |
1 |
|
|a нефтехимические предприятия
|
| 610 |
1 |
|
|a химические предприятия
|
| 610 |
1 |
|
|a математические основы
|
| 610 |
1 |
|
|a количественные показатели
|
| 610 |
1 |
|
|a изделия
|
| 610 |
1 |
|
|a классификация
|
| 610 |
1 |
|
|a показатели
|
| 610 |
1 |
|
|a корреляционный анализ
|
| 610 |
1 |
|
|a доверительные интервалы
|
| 610 |
1 |
|
|a структурный анализ
|
| 610 |
1 |
|
|a резервные элементы
|
| 610 |
1 |
|
|a резервирование
|
| 610 |
1 |
|
|a испытания
|
| 610 |
1 |
|
|a прогнозирование
|
| 610 |
1 |
|
|a технологическое оборудование
|
| 610 |
1 |
|
|a эксплуатационная надежность
|
| 610 |
1 |
|
|a статистическая оценка
|
| 610 |
1 |
|
|a сложные технические системы
|
| 610 |
1 |
|
|a метод дерева отказов
|
| 610 |
1 |
|
|a опасные промышленные объекты
|
| 610 |
1 |
|
|a риски
|
| 610 |
1 |
|
|a остаточный ресурс
|
| 610 |
1 |
|
|a учебные пособия
|
| 675 |
|
|
|a 66.02-192(075.8)
|v 3
|
| 675 |
|
|
|a 665.63.02(075.8)
|v 3
|
| 700 |
|
1 |
|a Шубин
|b В. С.
|g Виктор Степанович
|
| 701 |
|
1 |
|a Рюмин
|b Ю. А.
|g Юрий Анатольевич
|
| 801 |
|
1 |
|a RU
|b 63413507
|c 20061204
|g PSBO
|
| 801 |
|
2 |
|a RU
|b 63413507
|c 20151009
|g PSBO
|
| 900 |
|
|
|a Надежность и долговечность машин
|
| 900 |
|
|
|a Надежность машин
|
| 900 |
|
|
|a Надежность и диагностика технологических систем
|
| 900 |
|
|
|a Химическая технология топлива и углеродных материалов
|
| 900 |
|
|
|a Технологическое проектирование и типовое оборудование нефтехимических производств
|
| 942 |
|
|
|c BK
|
| 951 |
|
|
|b 240801
|
| 959 |
|
|
|a 103/20061201
|d 3
|e 198,00
|f АНЛ:1
|f ЧЗТЛ:2
|